[Event "Verbandsliga Nordbaden 1718"]
[Site "Baden"]
[Date "2018.02.18"]
[Round "6.8"]
[White "Birnbaum, Detlev"]
[Black "Juelg, Julian"]
[Result "1/2-1/2"]
[WhiteElo "2118"]
[BlackElo "1710"]
[PlyCount "47"]
[EventDate "2017.10.08"]
[EventType "team-tourn"]
[EventRounds "9"]
[EventCountry "GER"]
[SourceTitle "EXT 2019"]
[Source "ChessBase"]
[SourceDate "2018.10.10"]
[SourceVersion "1"]
[SourceVersionDate "2018.10.10"]
[SourceQuality "1"]
[WhiteTeam "Viernheim II"]
[BlackTeam "Ettlingen II"]
[WhiteTeamCountry "GER"]
[BlackTeamCountry "GER"]

1. d4 d5 2. c4 e6 3. Nf3 c5 4. cxd5 exd5 5. g3 Nc6 6. Bg2 Nf6 7. Nc3 Be7 8. 0-0 0-0 9. dxc5 Bxc5 10. Bg5 d4 11. Bxf6 Qxf6 12. Nd5 Qd6 13. Ng5 Qg6 14. h4 h6 15. Nf4 Qf5 16. Be4 Qd7 17. Nf3 Re8 18. Qc2 Bd6 19. Ng2 Nb4 20. Qb1 Bc5 21. Nf4 Qg4 22. Nh2 Qd7 23. Nf3 Qg4 24. Nh2 1/2-1/2

[Event "Verbandsliga Nordbaden 1617"]
[Site "Baden"]
[Date "2017.05.14"]
[Round "9.8"]
[White "Hartmann, Martin"]
[Black "Birnbaum, Detlev"]
[Result "1/2-1/2"]
[WhiteElo "1974"]
[BlackElo "2118"]
[PlyCount "48"]
[EventDate "2016.10.09"]
[EventType "team-tourn"]
[EventRounds "9"]
[EventCountry "GER"]
[SourceTitle "EXT 2022"]
[Source "ChessBase"]
[SourceDate "2021.10.06"]
[SourceVersion "1"]
[SourceVersionDate "2021.10.06"]
[SourceQuality "1"]
[WhiteTeam "Pforzheim"]
[BlackTeam "Viernheim II"]
[WhiteTeamCountry "GER"]
[BlackTeamCountry "GER"]

1. e4 e6 2. d4 d5 3. exd5 exd5 4. Nf3 Nf6 5. c4 Bb4+ 6. Bd2 Qe7+ 7. Qe2 Bxd2+ 8. Nbxd2 Qxe2+ 9. Bxe2 Nc6 10. Rc1 0-0 11. 0-0 Rd8 12. c5 Ne4 13. Nb3 a6 14. a3 Re8 15. Rfe1 f6 16. Bd3 Be6 17. Rc2 Bf7 18. Rce2 Kf8 19. Na1 Bh5 20. Bxe4 dxe4 21. Rxe4 Bxf3 22. gxf3 Nxd4 23. Kg2 f5 24. R4e3 Kf7 1/2-1/2

[Event "Andorra op 34th"]
[Site "Escaldes"]
[Date "2016.08.09"]
[Round "7"]
[White "Kogan, Artur"]
[Black "Birnbaum, Detlev"]
[Result "1-0"]
[WhiteElo "2530"]
[BlackElo "2130"]
[PlyCount "45"]
[EventDate "2016.08.03"]
[EventType "swiss"]
[EventRounds "9"]
[EventCountry "AND"]
[SourceTitle "CBM 173 Extra"]
[Source "ChessBase"]
[SourceDate "2016.08.29"]
[SourceVersion "1"]
[SourceVersionDate "2016.08.29"]
[SourceQuality "1"]

1. e4 e6 2. Qe2 c5 3. Nf3 Nc6 4. g3 Nf6 5. Bg2 d5 6. d3 Be7 7. e5 Nd7 8. h4 Qc7 9. Bf4 h5 10. c4 dxc4 11. dxc4 Qa5+ 12. Nbd2 Nf8 13. 0-0 Ng6 14. Ne4 Nxf4 15. gxf4 0-0 16. Rfd1 Rd8 17. Nd6 Qc7 18. Ng5 g6 19. Ngxf7 Bxd6 20. Nxd8 Qxd8 21. Rxd6 Qxh4 22. Bxc6 bxc6 23. Qd3 1-0

[Event "Andorra op 30th"]
[Site "La Massana"]
[Date "2012.07.26"]
[Round "6"]
[White "Prasca Sosa, Rafael Felipe"]
[Black "Birnbaum, Detlev"]
[Result "1-0"]
[WhiteElo "2415"]
[BlackElo "2148"]
[PlyCount "91"]
[EventDate "2012.07.21"]
[EventType "swiss"]
[EventRounds "9"]
[EventCountry "AND"]
[SourceTitle "CBM 149 Extra"]
[Source "ChessBase"]
[SourceDate "2012.08.24"]
[SourceVersion "1"]
[SourceVersionDate "2012.08.24"]
[SourceQuality "1"]

1. e4 d6 2. d4 Nf6 3. Nc3 g6 4. Nf3 Bg7 5. Bc4 Nc6 6. d5 Nb8 7. h3 0-0 8. 0-0 c6 9. a4 b6 10. Qe2 Bb7 11. Bd2 a6 12. Rfe1 Nbd7 13. Rad1 Qc7 14. dxc6 Bxc6 15. Bxa6 Nc5 16. Bb5 Ncxe4 17. Bxc6 Nxc3 18. Bxc3 Qxc6 19. Qxe7 Rfe8 20. Qxd6 Rxe1+ 21. Nxe1 Qxd6 22. Rxd6 Ne4 23. Rxb6 Nxc3 24. bxc3 Bxc3 25. Nf3 Rxa4 26. Rc6 Ra3 27. g4 h6 28. Kg2 Kf8 29. h4 Bb2 30. Nd2 Bd4 31. Nb3 Be5 32. Rc5 f6 33. Ra5 Rxa5 34. Nxa5 h5 35. gxh5 gxh5 36. Nc4 Bc3 37. Kf3 Ke7 38. Ne3 Kf7 39. Nd5 Ba5 40. Nf4 Bd8 41. Nxh5 f5 42. Kg3 Kg6 43. Nf4+ Kh6 44. c4 Bc7 45. Kf3 Bd6 46. Ne6 1-0

[Event "Verbandsliga Nord Baden 0910"]
[Site "Baden"]
[Date "2010.12.12"]
[Round "4.3"]
[White "Birnbaum, Detlev"]
[Black "Haas, Frank Martin"]
[Result "0-1"]
[WhiteElo "2148"]
[BlackElo "2180"]
[PlyCount "64"]
[EventDate "2010.10.17"]
[EventType "team-tourn"]
[EventRounds "9"]
[EventCountry "GER"]
[SourceTitle "EXT 2012"]
[Source "ChessBase"]
[SourceDate "2011.11.24"]
[SourceVersion "1"]
[SourceVersionDate "2011.11.24"]
[SourceQuality "1"]
[WhiteTeam "Viernheim II"]
[BlackTeam "Walldorf"]
[WhiteTeamCountry "GER"]
[BlackTeamCountry "GER"]

1. d4 Nf6 2. c4 e5 3. dxe5 Ng4 4. Bf4 Nc6 5. Nf3 Bb4+ 6. Nbd2 Qe7 7. a3 Ngxe5 8. Nxe5 Nxe5 9. e3 Bxd2+ 10. Qxd2 d6 11. Be2 b6 12. 0-0 Bb7 13. b4 c5 14. Rfd1 0-0-0 15. Qc2 f6 16. h3 Kc7 17. Bg3 h5 18. f3 g5 19. e4 g4 20. bxc5 bxc5 21. Rab1 gxf3 22. gxf3 h4 23. Qb3 Rb8 24. Bh2 Bxe4 25. fxe4 Rxb3 26. Rxb3 Rb8 27. Rxb8 Kxb8 28. Rd5 Kc7 29. Bg4 Qg7 30. Kf2 Qg5 31. Rd1 Nxc4 32. Rd5 Qe3+ 0-1

[Event "Oberliga Baden 0708"]
[Site "Germany"]
[Date "2008.04.06"]
[Round "8.7"]
[White "Hund, Barbara"]
[Black "Birnbaum, Detlev"]
[Result "1/2-1/2"]
[WhiteElo "2216"]
[BlackElo "2146"]
[PlyCount "113"]
[EventDate "2007.10.21"]
[EventType "team-tourn"]
[EventRounds "9"]
[EventCountry "GER"]
[SourceTitle "EXT 2009"]
[Source "ChessBase"]
[SourceDate "2008.11.26"]
[SourceVersion "1"]
[SourceVersionDate "2008.11.26"]
[SourceQuality "1"]
[WhiteTeam "Zaehringen"]
[BlackTeam "Viernheim"]
[WhiteTeamCountry "GER"]
[BlackTeamCountry "GER"]

1. e4 d6 2. d4 Nf6 3. Nc3 g6 4. g3 Bg7 5. Bg2 0-0 6. Nge2 e5 7. 0-0 c6 8. h3 Qa5 9. a3 Be6 10. d5 cxd5 11. exd5 Bd7 12. Kh2 Bb5 13. Nxb5 Qxb5 14. f4 Nbd7 15. a4 Qc5 16. Ra3 Rac8 17. Rc3 Qa5 18. Rxc8 Rxc8 19. b3 b5 20. axb5 Qxb5 21. fxe5 Nxe5 22. Nd4 Qc5 23. c4 Re8 24. Nb5 Qb6 25. Ba3 Rd8 26. Qd4 Nfg4+ 27. Kh1 Qxd4 28. Nxd4 Ne3 29. Rf4 Nd3 30. Nc6 Nxf4 31. Nxd8 Nfxg2 32. Bxd6 Ne1 33. Nc6 Nf3 34. Bf4 Nf5 35. Nxa7 g5 36. Bb8 Nd2 37. d6 Nxb3 38. d7 Bf6 39. Be5 Be7 40. Nc6 Kf8 41. g4 Nc5 42. d8Q+ Bxd8 43. Nxd8 Ne7 44. Bd6 Ne4 45. c5 Ke8 46. Nb7 Nc8 47. Be5 Kd7 48. Kg2 Ke6 49. Bb2 Kd5 50. Kf3 Ne7 51. Nd8 f6 52. c6 Nc8 53. c7 Nd2+ 54. Ke2 Ne4 55. Kf3 Nd2+ 56. Ke2 Ne4 57. Kf3 1/2-1/2

[Event "Verbandsliga Nord Baden 0405"]
[Site "Germany"]
[Date "2005.01.23"]
[Round "6.4"]
[White "Birnbaum, Detlev"]
[Black "Schulz, Gert"]
[Result "1-0"]
[WhiteElo "2156"]
[BlackElo "2118"]
[PlyCount "121"]
[EventDate "2004.10.10"]
[EventType "team-tourn"]
[EventRounds "9"]
[EventCountry "GER"]
[SourceTitle "EXT 2007"]
[Source "ChessBase"]
[SourceDate "2006.11.23"]
[SourceVersion "1"]
[SourceVersionDate "2006.11.23"]
[SourceQuality "1"]
[WhiteTeam "Viernheim II"]
[BlackTeam "Sandhausen"]
[WhiteTeamCountry "GER"]
[BlackTeamCountry "GER"]

1. d4 c5 2. d5 e5 3. e4 d6 4. Nc3 Be7 5. Nf3 Nf6 6. Be2 0-0 7. 0-0 Na6 8. Nd2 Nc7 9. a4 Rb8 10. Nc4 a6 11. f4 b5 12. axb5 axb5 13. Na5 Bb7 14. Bf3 Qd7 15. b4 cxb4 16. Na2 Na6 17. Bd2 Qc7 18. Nxb7 Rxb7 19. Kh1 Rc8 20. Nxb4 Nxb4 21. Bxb4 Qc4 22. Qe1 h5 23. c3 g6 24. fxe5 dxe5 25. Bxe7 Rxe7 26. Be2 Qxe4 27. Rxf6 Qxd5 28. Qg3 e4 29. Rd6 Qb3 30. Qg5 Qxc3 31. Rad1 Qe5 32. Qd2 Rb7 33. Rd5 Qe8 34. Qd4 b4 35. Qf6 Rbb8 36. Bxh5 Qe6 37. Rd8+ Rxd8 38. Rxd8+ Rxd8 39. Qxd8+ Kg7 40. Qd4+ f6 41. Be2 b3 42. Bc4 Qf5 43. Bxb3 e3 44. Qd1 Qb5 45. Bc2 Qe5 46. Qe2 f5 47. Bd1 g5 48. g3 Kf6 49. Bb3 Qe4+ 50. Kg1 Qb1+ 51. Qd1 Qe4 52. Qd6+ Kg7 53. Qd7+ Kf6 54. Qf7+ Ke5 55. Qe6+ Kd4 56. Qxe4+ Kxe4 57. Kf1 f4 58. Bc2+ Kf3 59. Bd1+ Ke4 60. Bg4 f3 61. Ke1 1-0

[Event "Eppingen op"]
[Site "Eppingen"]
[Date "2004.04.11"]
[Round "4.17"]
[White "Birnbaum, Detlev"]
[Black "Schrems, Hermann"]
[Result "1/2-1/2"]
[WhiteElo "2165"]
[BlackElo "2210"]
[PlyCount "56"]
[EventDate "2004.04.09"]
[EventType "swiss"]
[EventRounds "11"]
[EventCountry "GER"]
[SourceTitle "CBM 099 Extra"]
[Source "ChessBase"]
[SourceDate "2004.05.04"]
[SourceVersion "1"]
[SourceVersionDate "2004.05.04"]
[SourceQuality "1"]

1. d4 Nf6 2. c4 g6 3. g3 Bg7 4. Bg2 0-0 5. Nc3 d6 6. Nf3 Nbd7 7. 0-0 e5 8. e4 c6 9. h3 Qb6 10. d5 c5 11. Qc2 a6 12. a3 Qc7 13. Re1 Re8 14. Bf1 Nf8 15. b4 b6 16. Be3 Bd7 17. Rab1 Reb8 18. Kh2 Kh8 19. g4 Ng8 20. Rb2 f6 21. Reb1 Bh6 22. Bxh6 Nxh6 23. Bd3 Nf7 24. Qd2 g5 25. Ng1 Ng6 26. Nge2 Nf4 27. Ng3 cxb4 28. Rxb4 Qc5 1/2-1/2

[Event "Eppingen op"]
[Site "Eppingen"]
[Date "2004.04.09"]
[Round "1.11"]
[White "Vonthron, Horst"]
[Black "Birnbaum, Detlev"]
[Result "1-0"]
[WhiteElo "2340"]
[BlackElo "2165"]
[PlyCount "51"]
[EventDate "2004.04.09"]
[EventType "swiss"]
[EventRounds "11"]
[EventCountry "GER"]
[SourceTitle "CBM 099 Extra"]
[Source "ChessBase"]
[SourceDate "2004.05.04"]
[SourceVersion "1"]
[SourceVersionDate "2004.05.04"]
[SourceQuality "1"]

1. e4 d6 2. d4 Nf6 3. f3 g6 4. c4 Bg7 5. Nc3 0-0 6. Be3 e5 7. Nge2 c6 8. Qd2 exd4 9. Nxd4 d5 10. cxd5 cxd5 11. e5 Nfd7 12. f4 Nb6 13. Be2 f6 14. 0-0 Nc6 15. exf6 Bxf6 16. Rad1 Qe7 17. Bf3 Rd8 18. b3 Qg7 19. a4 Nxd4 20. Bxd4 Be6 21. Nb5 Rd7 22. Rfe1 Bf7 23. Bg4 Rdd8 24. Re7 Re8 25. Rxb7 Re4 26. Bf3 1-0

[Event "Oberliga Baden 0304 "]
[Site "Germany"]
[Date "2004.01.18"]
[Round "5.4"]
[White "Schafranietz, Sebastian"]
[Black "Birnbaum, Detlev"]
[Result "0-1"]
[WhiteElo "2236"]
[BlackElo "2165"]
[PlyCount "84"]
[EventDate "2003.10.12"]
[EventType "team-tourn"]
[EventRounds "9"]
[EventCountry "GER"]
[SourceTitle "EXT 2006"]
[Source "ChessBase"]
[SourceDate "2005.11.24"]
[SourceVersion "1"]
[SourceVersionDate "2005.11.24"]
[SourceQuality "1"]
[WhiteTeam "Untergrombach"]
[BlackTeam "Viernheim II"]
[WhiteTeamCountry "GER"]
[BlackTeamCountry "GER"]

1. e4 d6 2. d4 Nf6 3. Nc3 g6 4. f4 Bg7 5. Nf3 0-0 6. Be3 b6 7. Qd2 Bb7 8. e5 Ng4 9. Bd3 c5 10. dxc5 bxc5 11. Bg1 dxe5 12. h3 Nf6 13. fxe5 Nfd7 14. e6 fxe6 15. Ng5 Qb6 16. Bc4 Qxb2 17. Bxe6+ Kh8 18. Rb1 Qxc3 19. Rxb7 Qg3+ 20. Bf2 Rxf2 21. Qxf2 Qxg5 22. Bxd7 Bc3+ 23. Kd1 Qd5+ 24. Kc1 Nxd7 25. Qf3 Qd2+ 26. Kb1 Ne5 27. Qe4 Rd8 28. a3 Bd4 29. Ka2 Qc3 30. Rhb1 Qc4+ 31. R1b3 Rf8 32. Rxe7 Nf7 33. Re8 Rxe8 34. Qxe8+ Kg7 35. Qe4 a5 36. Qd3 Qd5 37. Qf3 Qe6 38. a4 Qc4 39. Ka3 Qxc2 40. Qf1 Bc3 41. Rb7 Bb4+ 42. Rxb4 cxb4# 0-1

[Event "Oberliga Baden 0304 "]
[Site "Germany"]
[Date "2003.10.12"]
[Round "1.5"]
[White "Wiechert, Hans"]
[Black "Birnbaum, Detlev"]
[Result "1-0"]
[WhiteElo "2307"]
[BlackElo "2165"]
[PlyCount "61"]
[EventDate "2003.10.12"]
[EventType "team-tourn"]
[EventRounds "9"]
[EventCountry "GER"]
[SourceTitle "EXT 2006"]
[Source "ChessBase"]
[SourceDate "2005.11.24"]
[SourceVersion "1"]
[SourceVersionDate "2005.11.24"]
[SourceQuality "1"]
[WhiteTeam "Kuppenheim"]
[BlackTeam "Viernheim II"]
[WhiteTeamCountry "GER"]
[BlackTeamCountry "GER"]

1. d4 Nf6 2. c4 e6 3. Nf3 Bb4+ 4. Nbd2 d5 5. a3 Bxd2+ 6. Nxd2 0-0 7. e3 e5 8. dxe5 Ng4 9. Nf3 dxc4 10. Qxd8 Rxd8 11. h3 Nh6 12. Bxc4 Nd7 13. e6 fxe6 14. Bxe6+ Kh8 15. Bd2 Ne5 16. Bxc8 Nxf3+ 17. gxf3 Raxc8 18. Bc3 Nf5 19. Ke2 Rf8 20. Rad1 Rf7 21. Rhg1 Re8 22. Rg4 h5 23. Rg5 Kh7 24. Rdg1 h4 25. Rh5+ Kg8 26. f4 Nd6 27. Rhg5 Ree7 28. Bb4 Rxf4 29. Rg6 Rc4 30. Kd3 Rd7 31. Rxd6 1-0

[Event "Baden-ch BM"]
[Site "Karlsruhe"]
[Date "2003.04.20"]
[Round "4.8"]
[White "Birnbaum, Detlev"]
[Black "Schlenker, Joerg"]
[Result "0-1"]
[WhiteElo "2185"]
[BlackElo "2258"]
[PlyCount "56"]
[EventDate "2003.04.18"]
[EventType "swiss"]
[EventRounds "11"]
[EventCountry "GER"]
[SourceTitle "EXT 2004"]
[Source "ChessBase"]
[SourceDate "2003.11.25"]
[SourceVersion "1"]
[SourceVersionDate "2003.11.25"]
[SourceQuality "1"]

1. d4 Nf6 2. Nf3 d6 3. c4 Nbd7 4. Nc3 e5 5. g3 Be7 6. Bg2 c6 7. e4 Qa5 8. 0-0 h5 9. a3 exd4 10. Nxd4 Ne5 11. b4 Qc7 12. Qe2 h4 13. Bg5 hxg3 14. hxg3 Nfg4 15. Bxe7 Qxe7 16. f4 Rh2 17. Nf5 Bxf5 18. exf5 Nxc4 19. Qxe7+ Kxe7 20. Bf3 Rc2 21. Rfe1+ Kf8 22. Ne4 Nf6 23. Nxf6 gxf6 24. b5 d5 25. a4 Nd6 26. Rac1 Rc4 27. Rxc4 Nxc4 28. Rb1 Nd2 0-1

[Event "Baden VLN 0203"]
[Site "Baden"]
[Date "2002.10.13"]
[Round "1.5"]
[White "Birnbaum, Detlev"]
[Black "Benend, Andreas"]
[Result "0-1"]
[WhiteElo "2185"]
[BlackElo "2226"]
[PlyCount "72"]
[EventDate "2002.10.13"]
[EventType "team-tourn"]
[EventRounds "9"]
[EventCountry "GER"]
[SourceTitle "EXT 2022"]
[Source "ChessBase"]
[SourceDate "2021.10.06"]
[SourceVersion "1"]
[SourceVersionDate "2021.10.06"]
[SourceQuality "1"]
[WhiteTeam "Viernheim II"]
[BlackTeam "Ladenburg"]
[WhiteTeamCountry "GER"]
[BlackTeamCountry "GER"]

1. d4 d5 2. c4 Nc6 3. Nf3 Bg4 4. e3 e6 5. b3 Nf6 6. Be2 Bb4+ 7. Bd2 Bxd2+ 8. Nbxd2 0-0 9. 0-0 Re8 10. Ne5 Nxe5 11. dxe5 Bxe2 12. Qxe2 Nd7 13. f4 Qe7 14. Rac1 c6 15. Nf3 Nc5 16. Rfd1 Ne4 17. Nd2 Nxd2 18. Rxd2 dxc4 19. Qxc4 Red8 20. Rcd1 Rxd2 21. Rxd2 Rd8 22. Rd4 Rd5 23. e4 Rc5 24. Qd3 Rc1+ 25. Kf2 h6 26. g3 Qc5 27. Kg2 Rc2+ 28. Kh3 Rxa2 29. Rd8+ Kh7 30. Rd7 Qg1 31. Rxf7 Qxh2+ 32. Kg4 Rd2 33. Qf3 Kg6 34. f5+ Kxf7 35. fxe6+ Kxe6 36. Qf5+ Ke7 0-1